[Virši]

Bibliographic Details
Main Author: Zlatokudr, Ivan, 1930- (Author)
Format: Article
Language:Ukrainian
Subjects:

MARC

LEADER 00000cab a2200000 a 4500
001 vtls000352906
003 SK-MaSNL
005 20260305000436.0
008 040806c1989 xo b p 0c ukr
015 |a SNBRB19rr/mm-uuuuu 
035 |a CL0353028 
040 |a SNKBUCL  |b slo  |c SNKBUCL  |d SVKPOCL  |e AACR2 
041 1 |a ukr 
044 |a xo  |c SK 
080 |a 821.161.2 (438)-1  |2 2001 
100 1 |a Zlatokudr, Ivan,  |d 1930-  |4 aut  |9 1110252 
245 1 0 |a [Virši]  |c Ivan Zlatokudr 
500 |a Blok obsahuje 4 básne 
651 7 |a Poľsko  |2 svkpocl  |9 16755 
655 7 |a ukrajinská poézia  |2 svkpocl  |9 70502 
655 7 |a lyrické básne  |2 svkpocl  |9 99506 
740 0 2 |a Duma pro spravedlivisť 
740 0 2 |a Perše kochannja 
740 0 2 |a Pečaľ 
740 0 2 |a Zaduma 
773 0 |t Nove žyttja  |g Roč. 39, č. 8 (1989), s. 5 
850 |a Slovenská národná knižnica v Martine  |a MTA001 
852 |a SNK  |b KIS3GCP 
958 |a UK 
958 |a SK 
958 |a LX 
958 |a PL 
999 |c 3213751  |d 3215681